• 首页
  • 本馆介绍
  • 公告通知
  • 最新文献
  • 馆藏检索
  • 电子资源
  • 读者导购
  • 参考咨询
  • 我的图书馆
  • 登录
  • 详细信息显示
  • 放入我的书架
  • 预约/预借图书
  • 作者相关作品
  • 分类相关作品
  • 丛书相关作品
  • 出版社相关作品

书目信息

  • 表格格式
  • 工作单格式
  • 卡片格式
题名:
超越早期教育保育质量
    
 
作者: 达尔伯格 , Dahlberg , 莫斯 , Moss , 彭斯 , Pence 著 ;朱家雄 , 王峥 译校
分册:  
出版信息: 上海   华东师范大学出版社  2006
页数: 239页
开本: 23cm
丛书名: 当代学前教育译丛
单 册:
中图分类: G61
科图分类:
主题词: 儿童教育--早期教育--研究 , 儿童教育 , 早期教育
电子资源:
ISBN: 7-5617-4520-6
000 01661oam2 2200385 450
001 012007847140
005 20070516183704.09
010    @a7-5617-4520-6@dCNY26.00
100    @a20070227d2006 km y0chiy0120 ea
101 1  @achi@ceng
102    @aCN@b310000
105    @ay z 000yy
106    @ar
200 1  @a超越早期教育保育质量@Achao yue zao qi jiao yu bao yu zhi liang@e后现代视角@f冈尼拉·达尔伯格(Gunilla Dahlberg),彼得·莫斯(Peter Moss),艾伦·彭斯(Alan Pence)著@Fgang ni la·da er bo ge(Gunilla Dahlberg),bi de·mo si(Peter Moss),ai lun·peng si(Alan Pence)zhu@g朱家雄,王峥等译校@Gzhu jia xiong,wang zheng deng yi xiao
210    @a上海@c华东师范大学出版社@d2006
215    @a239页@d23cm
225 2  @a当代学前教育译丛
330    @a本书通过对后现代思想的探讨,重构了对儿童的理解和对早期教育机构的理解,提出了教学纪录作为新的教学实践的切入点,并从加拿大、瑞典和文明世界的意大利瑞吉欧·埃米利亚早期教育机构中吸取了他们的实践经验。
461  0 @12001 @a当代学前教育译丛
510 1  @aBeyond quality in early childhood education and care@epostmodern perspectives@zeng
517 1  @a后现代视角@Ahou xian dai shi jiao
606 0  @a儿童教育@x早期教育@x研究
606 0  @a儿童教育
606 0  @a早期教育
690    @aG61@v4
701  1 @c(美)@a达尔伯格@Ada er bo ge@b冈尼拉@4著
701  1 @c(美)@aDahlberg@bGunilla@4著
701  1 @c(美)@a莫斯@Amo si@b彼得@4著
701  1 @c(美)@aMoss@bPeter@4著
701  1 @c(美)@a彭斯@Apeng si@b艾伦@4著
701  1 @c(美)@aPence@bAlan@4著
702  0 @a朱家雄@Azhu jia xiong@f(1947~)@4译校
702  0 @a王峥@Awang zheng@c(教育)@4译校
801  0 @aCN@bRULIN@c20070516
905    @dG61@e127@s5
    
    超越早期教育保育质量:后现代视角/冈尼拉·达尔伯格(Gunilla Dahlberg),彼得·莫斯(Peter Moss),艾伦·彭斯(Alan Pence)著/朱家雄,王峥等译校.-上海:华东师范大学出版社,2006
    239页;23cm.-(当代学前教育译丛)
    
    
    ISBN 7-5617-4520-6:CNY26.00
    本书通过对后现代思想的探讨,重构了对儿童的理解和对早期教育机构的理解,提出了教学纪录作为新的教学实践的切入点,并从加拿大、瑞典和文明世界的意大利瑞吉欧·埃米利亚早期教育机构中吸取了他们的实践经验。
●
相关链接 在E读中查询图书 在五车中查询图书 在当当中查询图书 在豆瓣中查询图书


正题名:超越早期教育保育质量     索取号:G61/127         预约/预借

序号 登录号 条形码 馆藏地/架位号 状态 备注
1 0572337   205723378   教育系资料室/ [索取号:G61/127] 在馆    
2 0572338   205723387   第四借阅区/ [索取号:G61/127] 在馆    
3 0572339   205723396   第四借阅区/ [索取号:G61/127] 在馆    
4 0572340   205723403   教育系资料室/ [索取号:G61/127] 在馆    
5 0572341   205723412   教育系资料室/ [索取号:G61/127] 在馆    
唐山师范学院图书馆 欢迎您!
大连网信软件有限公司© 版权所有